000 00202 a2200085 4500
020 _a9781780234373
100 _aPeter Scriver
245 _aINDIA (MODERN ARCHITECTURES IN HISTORY)
260 _bREAKTION BOOKS
999 _c13093
_d13093